000 01237nab a22002537a 4500
999 _c5938
_d5938
003 OSt
005 20260114011945.0
008 190605e xxu||||| |||| 00| 0 spa d
040 _cPJ
100 _95129
_aSfeir, Santiago L.
245 1 3 _aLa ausencia de buena fe como causa justa en el despido /
_cSantiago L. Sfeir.
260 _aCiudad Autónoma de Buenos Aires :
_bThomson Reuters La Ley,
_c2024.
300 _ap. 105-107
500 _aCita: TR LALEY AR/DOC/267/2024.
505 _aSumario: I. Antecedentes fácticos del caso.— II. La buena fe y su trascendental importancia en el derecho del trabajo.— III. Disquisiciones finales. La ausencia de buena fe como injuria.
505 _aFallo comentado: CNTrab., sala X ~ 07/02/2023 ~ Billordo, Blanca Azucena Del Rosario c. Rex Argentina S.A. s/ despido.
505 _t¿Te interesa el texto completo? Solicitalo al correo: koha@justierradelfuego.gov.ar
650 0 _91316
_aDERECHO LABORAL
650 0 _91323
_aCONTRATO DE TRABAJO
650 0 _91533
_aDESPIDO
650 0 _91529
_aDESPIDO CON CAUSA
773 0 _02711
_93168
_dCiudad Autónoma de Buenos Aires : Thomson Reuters La Ley, 1999-2002.
_tRevista de derecho del trabajo. Nº 2 - Marzo 2024
942 _2udc
_cANA